Logos des équipes nationales de football de la CAF - Statistiques

Statistiques générales
  • Ce quiz a été pris 35 fois
  • Le résultat moyen est 37 sur 55
Statistiques - réponses
Par images Réponse % Correct
Maroc
100%
Mali
97%
Cameroun
91%
Côte d'Ivoire
91%
Sénégal
91%
Tunisie
91%
Algérie
88%
Egypte
88%
Ghana
84%
Soudan du Sud
84%
Soudan
81%
Togo
81%
Erythrée
78%
Gambie
78%
Guinée équatoriale
78%
Cap-vert
75%
Liberia
75%
République centrafricaine
75%
Sierra Leone
75%
Burkina Faso
72%
Gabon
72%
Guinée
72%
Mauritanie
72%
Rwanda
72%
Tchad
72%
Djibouti
69%
Ethiopie
69%
Mozambique
69%
République du Congo
69%
Tanzanie
69%
Angola
66%
Malawi
66%
Zimbabwe
66%
Libye
63%
Nigeria
63%
Afrique du sud
59%
Guinée-Bissau
59%
République démocratique du Congo
59%
Somalie
59%
Lesotho
56%
Madagascar
56%
Botswana
53%
Kenya
53%
La Réunion
53%
Niger
50%
Seychelles
50%
Zambie
50%
Namibie
47%
Ouganda
47%
Comores
44%
Eswatini
41%
Maurice
41%
Bénin
38%
Burundi
38%
Sao Tomé-et-Principe
34%
Aucun quiz correspondant
Distribution des résultats
% des personnes avec chaque résultat
Percentile par nombre de réponses
Votre historique - résultats
Vous n’avez pas pris ce quiz